<?xml version="1.0" encoding="UTF-8"?>
<collection xmlns="http://www.loc.gov/MARC21/slim">
 <record>
  <leader>01366nam a22002177a 4500</leader>
  <controlfield tag="001">NCT_4_003554</controlfield>
  <controlfield tag="008">240221b        xxu||||| |||| 00| 0 vie d</controlfield>
  <datafield tag="999" ind1=" " ind2=" ">
   <subfield code="c">8050</subfield>
   <subfield code="d">8050</subfield>
  </datafield>
  <datafield tag="020" ind1=" " ind2=" ">
   <subfield code="a">9786048275808</subfield>
  </datafield>
  <datafield tag="082" ind1="0" ind2="4">
   <subfield code="2">23rd ed.</subfield>
   <subfield code="a">333.79</subfield>
   <subfield code="b">Tr513</subfield>
  </datafield>
  <datafield tag="100" ind1="1" ind2=" ">
   <subfield code="a">Nguyễn Thành Trung</subfield>
  </datafield>
  <datafield tag="245" ind1="1" ind2="0">
   <subfield code="a">Thiết kế công trình năng lượng tái tạo điện gió</subfield>
   <subfield code="c">Nguyễn Thành Trung</subfield>
  </datafield>
  <datafield tag="260" ind1=" " ind2=" ">
   <subfield code="a">H.</subfield>
   <subfield code="b">Xây dựng</subfield>
   <subfield code="c">2023</subfield>
  </datafield>
  <datafield tag="300" ind1=" " ind2=" ">
   <subfield code="a">320tr.</subfield>
   <subfield code="c">21 cm</subfield>
  </datafield>
  <datafield tag="520" ind1="3" ind2=" ">
   <subfield code="a">Nội dung sách nhằm mục đích làm rõ sự làm việc và trình tự tính toán thiết kế cho một số dạng kết cấu công trình điện gió sử dụng các dạng móng cố định như móng cọc, bệ cọc hay móng dạng giàn và trọng lực.</subfield>
  </datafield>
  <datafield tag="653" ind1=" " ind2=" ">
   <subfield code="a">Kỹ thuật môi trường</subfield>
  </datafield>
  <datafield tag="942" ind1=" " ind2=" ">
   <subfield code="2">ddc</subfield>
   <subfield code="c">BK</subfield>
  </datafield>
  <datafield tag="952" ind1=" " ind2=" ">
   <subfield code="0">0</subfield>
   <subfield code="1">0</subfield>
   <subfield code="2">ddc</subfield>
   <subfield code="4">0</subfield>
   <subfield code="6">333_790000000000000_TR513</subfield>
   <subfield code="7">0</subfield>
   <subfield code="9">28450</subfield>
   <subfield code="a">000001</subfield>
   <subfield code="b">000001</subfield>
   <subfield code="d">2024-02-21</subfield>
   <subfield code="o">333.79 Tr513</subfield>
   <subfield code="p">MD.22113</subfield>
   <subfield code="r">2024-02-21</subfield>
   <subfield code="w">2024-02-21</subfield>
   <subfield code="y">BK</subfield>
  </datafield>
  <datafield tag="952" ind1=" " ind2=" ">
   <subfield code="0">0</subfield>
   <subfield code="1">0</subfield>
   <subfield code="2">ddc</subfield>
   <subfield code="4">0</subfield>
   <subfield code="6">333_790000000000000_TR513</subfield>
   <subfield code="7">0</subfield>
   <subfield code="9">28451</subfield>
   <subfield code="a">000001</subfield>
   <subfield code="b">000001</subfield>
   <subfield code="d">2024-02-21</subfield>
   <subfield code="o">333.79 Tr513</subfield>
   <subfield code="p">MD.22114</subfield>
   <subfield code="r">2024-02-21</subfield>
   <subfield code="w">2024-02-21</subfield>
   <subfield code="y">BK</subfield>
  </datafield>
  <datafield tag="952" ind1=" " ind2=" ">
   <subfield code="0">0</subfield>
   <subfield code="1">0</subfield>
   <subfield code="2">ddc</subfield>
   <subfield code="4">0</subfield>
   <subfield code="6">333_790000000000000_TR513</subfield>
   <subfield code="7">0</subfield>
   <subfield code="9">28452</subfield>
   <subfield code="a">000001</subfield>
   <subfield code="b">000001</subfield>
   <subfield code="d">2024-02-21</subfield>
   <subfield code="o">333.79 Tr513</subfield>
   <subfield code="p">MD.22115</subfield>
   <subfield code="r">2024-02-21</subfield>
   <subfield code="w">2024-02-21</subfield>
   <subfield code="y">BK</subfield>
  </datafield>
  <datafield tag="980" ind1=" " ind2=" ">
   <subfield code="a">Thư viện Trường Đại học Nam Cần Thơ</subfield>
  </datafield>
 </record>
</collection>
